=LDR 00000nam 2200000 4500 =001 INLIS000000000035671 =005 20200814090521 =035 ##$$a 0010-061300000035671 =008 200814################g##########0#ind## =041 ##$$a Ind =082 ##$$a 2x6 =090 ##$$a 2x6, Isl i =245 ##$$a Islam dan dialog budaya /$c Editor, Edy A. Effendi =260 ##$$a Jakarta :$b Pusoa Swara,$c 1994 =300 ##$$a xii, 189 hl,, ; $c 21 x 15 cm. =650 #4$$a Islam dan kebudayaan =850 ##$$a NBPNMAT =084 ##$$a 2x6 Isl i =700 #$$a Effendi, Edy A =990 ##$$a 116.192/Pro-97